000
00291nam a22001337a 4500
008
170913b xxu||||| |||| 00| 0 eng d
020
_a
9780471464365
041
_a
eng
080
_a
53
100
_a
43
101
_a
FIZ
245
_a
UNDERSTANDING PHYSICS
_c
LAWS.P.W
942
_2
udc
_c
BK
999
_c
27421
_d
27421